000 00279nam a22001217a 4500
008 170421b xxu||||| |||| 00| 0 eng d
041 _aeng
080 _a573
100 _a11
101 _aSHM
245 _aTHE POISONOUS PLANTS OF WEST VIRGINA
_cCORE.L.E
942 _2udc
_cBK
999 _c11478
_d11478